LEADER 00996nam a2200241 i 4500 001 000000143093 003 CaOOAMICUS 005 20050921000000.0 008 050921s1961 gw u000 u ger u 013 $a118451 040 $aSeMil$bita 100 1 $aHerrmann, Ferdinand.$0(OLS)http://semarc/name/57415 245 10$aSymbolik in den Religionen der Naturvölker /$cvon Ferdinand Herrmann. 260 $aStuttgart :$bHiersemann,$c1961. 300 $a268 p. ;$c24 cm. 490 0 $aSymbolik der Religionen ;$v9. 500 $aContiene : Literaturvezeichnis. 650 4$aReligioni primitive - Simbolismo.$0(OLS)http://semarc/subject/28138 830 0$aSymbolik der Religionen ;$v9.$0(OLS)http://semarc/title/18911 850 $aSeMil 852 $aSeMil$W1$xVenegono$y1$m2R III 299$j96222$B96222$CSeMilBibl$Z2$F103216 $81 996 $6245$aSymbolik in den Religionen der Naturvölker$9(OLS)http://semarc/title/209389 996 $6260$aStuttgart :$bHiersemann$9(OLS)http://semarc/publisher/30343 LEADER 01129nam a2200265 i 4500 001 000000152671 003 CaOOAMICUS 005 20060828000000.0 008 060828s1974 it u000 u ita u 013 $a130012 040 $aSeMil$bita 100 1 $aMarini, Ruy Mauro.$0(OLS)http://semarc/name/59848 245 13$aIl Subimperialismo brasiliano /$cRuy Mauro Marini ; traduzione di Laura Gonsalez. 260 $aTorino :$bGiulio Einaudi,$ccopyr. 1974. 300 $aVI, 218 p. ;$c18 cm. 490 0 $aSerie politica ;$v39 650 4$aCapitalismo - Brasile - Sec. 20.$0(OLS)http://semarc/subject/29807 650 4$aBrasile - Economia e societŕ.$0(OLS)http://semarc/subject/2720 700 1 $aGonsalez, Laura.$0(OLS)http://semarc/name/59849 830 0$aSerie politica ;$v39.$0(OLS)http://semarc/title/6902 850 $aSeMil 852 $aSeMil$W1$xVenegono$y1$m3V I 240$j104620$B104620$CSeMilBibl$Z2$F116896 $81 961 $aOmaggio: Gualerni don Gualberto 996 $6245$aIl Subimperialismo brasiliano$9(OLS)http://semarc/title/223216 996 $6260$aTorino :$bGiulio Einaudi$9(OLS)http://semarc/publisher/29810